000 00610nam a2200181 4500
001 132569
003 ES-MaACL
007 t|
008 070214s1953 sp r ||||1| spa d
245 0 0 _aRomancero de Don Alvaro de Luna
_b: (1540-1800) /
_cintroducción bibliográfica de Antonio Pérez Gómez.
260 _aValencia :
_b[s.n.],
_c1953 (
_fTip. Moderna)
300 _a210 p. ;
_c18 cm.
490 1 _aLa fonte que mana y corre
700 0 _aPérez y Gómez, Antonio,
_d1902-1976
_991216
830 0 _aLa fonte que mana y corre
_9186887
852 _aES-MaACL
_jC-7410
_bR.35019
999 _c132569
_d132569